000 00309nam a22001457a 4500
008 230707b ||||| |||| 00| 0 eng d
020 _a9780618731381
041 _aeng
080 _a37
082 _a37EDM
100 _a22
101 _aEDUK
245 _aINSTROCTOR'S COPY
_cEDMUNS.D.R
942 _2udc
_cBK
999 _c60135
_d60135